000 00653nas a2200229 4500
001 BR9600269
003 BR-BrBNA
005 20231205095702.0
007 ta
008 230509b bl.|||p| |||| 00| 00por d
040 _aBR-BrBNA
_bpor
_cBiblioteca Nacional de Agricultura
041 _a(Pt)
072 _aQ80
100 1 _aOliveira, L.M.
245 1 _aTermossoldagem de embalagens plasticas flexiveis
650 _aEmbalagem
650 _aProduto
650 _aAcondicionamento
773 0 _tRevista Nacional da Carne (Brazil)
_x
_g(Dec 1995), v. 20(226) p. 16-18
_wBR9600269
909 _a202311
_bLúcia
_c55
_dLúcia Elande
942 _2AGRIS
_n0
_cANA
999 _c152122
_d152122